| 000 | 01429cam a22003974a 4500 | ||
|---|---|---|---|
| 001 | ocm56573909 | ||
| 003 | TZ-ArACH | ||
| 005 | 20120918164611.0 | ||
| 008 | 040907m20049999fr d bvw 001 0 fre | ||
| 010 | _a 2004476774 | ||
| 020 | _a1) | ||
| 020 | _a9782233005816 (v. 2) | ||
| 020 | _a2233005813 (v. 2) | ||
| 035 |
_a(OCoLC)56573909 _z(OCoLC)588533070 |
||
| 037 | _a9782233004529 | ||
| 040 |
_aDLC _beng _cTZ-ArACH _dTZT _dAUXAM _dMUQ _dCDX _dOCLCQ |
||
| 041 | _aFre | ||
| 042 | _apcc | ||
| 049 | _aTZAA | ||
| 050 | 0 | 0 |
_aK3829 _b.G35 |
| 082 | 0 | 0 |
_a346/.092 _222 |
| 100 | 1 |
_aGaillard, Emmanuel. _96855 |
|
| 245 | 1 | 3 |
_aJurisprudence du CIRDI / _cEmmanuel Gaillard. |
| 260 |
_aParis : _bA. Pedone, _c2010 |
||
| 300 |
_av. <1-2> : _bcharts ; _c25 cm. |
||
| 504 | _aIncludes bibliographical references and index. | ||
| 505 | 0 | _av. 1. [1965-2004] -- v. 2. 2004-2008. | |
| 650 | 0 |
_aInvestments, Foreign (International law) _vCases. _96856 |
|
| 650 | 0 |
_aInternational commercial arbitration _vCases. _96857 |
|
| 650 | 6 |
_aInvestissements étrangers _xDroit international _vJurisprudence. _96858 |
|
| 650 | 6 |
_aArbitrage (Droit international privé) _vJurisprudence. _96859 |
|
| 653 | _aInternational law | ||
| 710 | 2 |
_aInternational Centre for Settlement of Investment Disputes. _96860 |
|
| 942 |
_2lcc _cBOOK |
||
| 999 |
_c1894 _d1894 |
||